000 00762nam a22002177a 4500
003 OSt
005 20230824091117.0
008 221006b |||||||| |||| 00| 0 eng d
040 _cBiblioteca Lado V
082 _a306.4
_bC822e
100 _9965
_aCoronel de Rodriguez, Ana Maria
_edirectora
245 _aEncuentros/
_bNarrativa Paraguaya actual: dos vertientes/
260 _c1994
_bNew York
_aCentro Cultural del BID
300 _c18x22cm
_a17p.
490 _a4
650 _2Tesauro de Arte & Arquitectura
_aARTE
650 _2Tesauro de Arte & Arquitectura
_aCULTURA
_9702
650 _2Tesauro de Arte & Arquitectura
_aENTREVISTA
_9703
650 _2Tesauro de Arte & Arquitectura
_aRENÉE FERRER
942 _2ddc
_c1
_h306.4
_iC822e
_n0
999 _c4206
_d4206